Statistiques concernant Plus Grandes Villes Guyane

Cliquez ici pour prendre le quiz!

Statistiques générales

  • Ce quiz a été pris 84 fois
  • Le résultat moyen est 7 sur 11

Statistiques - réponses

Ville
Population
(en milliers)
% Correct
Cayenne63
97%
Kourou24
94%
Saint Laurent du Maroni45
94%
Remire Montjoly26
72%
Matoury32
71%
Maripasoula11
65%
Macouria15
53%
Mana11
53%
Apatou9
47%
Papaichton6
39%
Grand Santi8
33%

Distribution des résultats

Percentile par nombre de réponses

% des personnes avec chaque résultat

Votre développement - résultats

Vous n’avez pas pris ce quiz